| 000 | 02555nam a2200433 a 4500 | ||
|---|---|---|---|
| 001 | 3447917 | ||
| 003 | OSt | ||
| 005 | 20130406104659.0 | ||
| 008 | 930915s1990 ug 000 0 eng d | ||
| 010 | _a 91980896 | ||
| 035 | _a(OCoLC)28518695 | ||
| 040 |
_aNNC-L _cNNC-L _dDLC |
||
| 042 | _alccopycat | ||
| 043 | _af-ug--- | ||
| 050 | 0 | 0 | _aMLCM 93/04871 (H) |
| 082 | _a345.05 ODO | ||
| 100 | 1 |
_aOdoki, B. J. _q(Ben J.) _9997 |
|
| 245 | 1 | 2 |
_aA guide to criminal procedure in Uganda / _cby B.J. Odoki. |
| 250 | _a2nd ed. | ||
| 260 |
_aKampala, Uganda : _bLaw Development Centre, _c[c1990] |
||
| 300 |
_axvii, 198 p. ; _c28 cm. |
||
| 440 | 0 |
_a[Introduction to law series ; _vno. 5] _9998 |
|
| 650 | 0 |
_aCriminal procedure _zUganda. _9999 |
|
| 740 | 0 | _aCriminal procedure in Uganda. | |
| 906 |
_a7 _bcbc _ccopycat _d3 _encip _f19 _gy-gencatlg |
||
| 942 |
_2ddc _cBK |
||
| 999 |
_c331 _d331 |
||